| 000 | 00341nam a22001097a 4500 | ||
|---|---|---|---|
| 008 | 150401b xxu||||| |||| 00| 0 eng d | ||
| 020 |
_a978-81-315-0172-6 _cAvailable |
||
| 082 |
_a517STR _b002851 |
||
| 245 |
_aLinear Algebra And Its Applications _cStrang Gilbert _hEnglish |
||
| 250 | _aForth Edition | ||
| 260 |
_aDelhi India _bCengage Learning _c2006 |
||
| 999 |
_c24774 _d24774 |
||